| 000 | 00835nam a22002417a 4500 | ||
|---|---|---|---|
| 999 |
_c4039 _d4039 |
||
| 003 | AR-CdUCM | ||
| 008 | 190307b ||||| |||| 00| 0 spa d | ||
| 040 |
_aMUNICIPALIDAD PROVINCIAL DEL CUSCO _cBIBLIOTECA MUNICIPAL DEL CUSCO |
||
| 082 |
_a869.508 / _bOR73 |
||
| 100 |
_aOrtega, Julio _95562 |
||
| 245 |
_aLa Imaginación Critica : _bEnsayos sobre la Modernidad en el Perú / |
||
| 260 |
_aLima : _bPEISA, _c1974. |
||
| 300 |
_a255 paginas ; _c17cm. |
||
| 440 |
_aBiblioteca Peruana _n47 _912872 |
||
| 505 | _aContenido: Jose Maria Eguren -- Cesar Vallejo -- La poesia de Cesar Moro -- Mario Vargas Llosa | ||
| 650 |
_aEnsayos Peruanos _9269 |
||
| 650 |
_aColecciones _9607 |
||
| 650 |
_aSiglo XX _98 |
||
| 700 |
_aRodriguez Muñoz, Jose _912873 |
||
| 700 |
_aGodard Alzamora, Jose _912874 |
||
| 942 |
_2ddc _cLIBROS |
||
| 945 | _apjha | ||